Govt. of
Madhya Pradesh

India's Foreign Policy (Record no. 16001)

MARC details
000 -LEADER
fixed length control field 003780000a22001570004500
001 - CONTROL NUMBER
control field 004110
003 - CONTROL NUMBER IDENTIFIER
control field MACL
040 ## - CATALOGING SOURCE
Original cataloging agency MACL
090 ## - LOCALLY ASSIGNED LC-TYPE CALL NUMBER (OCLC); LOCAL CALL NUMBER (RLIN)
-- 16103
-- 16102
100 ## - MAIN ENTRY--PERSONAL NAME
Personal name Dixit, J.N.
245 ## - TITLE STATEMENT
Title India's Foreign Policy
Remainder of title Challenge Of Terrorism
Statement of responsibility, etc. J.N. Dixit
260 ## - PUBLICATION, DISTRIBUTION, ETC. (IMPRINT)
Place of publication, distribution, etc. Gyan Publishing House,
Date of publication, distribution, etc. 2002
350 ## - PRICE (NR) (BK AM CF MU VM SE) [OBSOLETE]
Price 540
650 ## - SUBJECT ADDED ENTRY--TOPICAL TERM
Topical term or geographic name as entry element International Relationship
942 ## - ADDED ENTRY ELEMENTS (KOHA)
Call number prefix 327
Koha item type Library Membar
Holdings
Withdrawn status Lost status Damaged status Not for loan Home library Current library Date acquired Total Checkouts Full call number Barcode Date last seen Uniform Resource Identifier Price effective from Koha item type
        MACL MACL 15/04/2015   327 Book CRE15386 29/04/2015 15905 15/04/2015 Books